ISO 14067: Nový nástroj pre zelené verejné obstarávanie tovarových zákaziek

ISO 14067, nová medzinárodná norma pre kvantifikáciu uhlíkovej stopy produktov (CFP), sa môže stať ústredným nástrojom na podporu zeleného verejného obstarávania (GPP).

Saved in:
Bibliographic Details
Main Author: Tkáč, Juraj
Format: Book Chapter
Language:Slovak
Subjects:
Tags: Add Tag
No Tags, Be the first to tag this record!

MARC

LEADER 00000naa a2200000 4500
001 0301287
005 20240605090123.5
041 0 |a slo 
044 |a SK 
245 1 0 |a ISO 14067: Nový nástroj pre zelené verejné obstarávanie tovarových zákaziek  |c Juraj Tkáč 
520 |a ISO 14067, nová medzinárodná norma pre kvantifikáciu uhlíkovej stopy produktov (CFP), sa môže stať ústredným nástrojom na podporu zeleného verejného obstarávania (GPP). 
610 2 0 |a obstarávanie verejné 
610 2 0 |a zákazky 
610 2 0 |a tovar 
610 2 0 |a ekológia 
610 2 0 |a udržateľnosť 
100 1 |a Tkáč, Juraj